书目信息 |
| 题名: |
二氧化碳捕集技术及其在火力电厂的工程应用
|
|
| 作者: | 翟融融 著 | |
| 分册: | ||
| 出版信息: | 北京 化学工业出版社 2019 |
|
| 页数: | 179页 | |
| 开本: | 24cm | |
| 丛书名: | ||
| 单 册: | ||
| 中图分类: | X701.7 | |
| 科图分类: | ||
| 主题词: | 火电厂--二氧化碳--废物综合利用 | |
| 电子资源: | ||
| ISBN: | 978-7-122-34677-3 | |
| 000 | 00970nam0 2200229 45 | |
| 001 | 012001003504 | |
| 005 | 20140102095636.0 | |
| 010 | @a978-7-122-34677-3@dCNY68.00 | |
| 100 | @a20190618d2019 em y0chiy0110 ea | |
| 101 | 0 | @achi |
| 102 | @aCN@b110000 | |
| 105 | @ay z 000yy | |
| 106 | @ar | |
| 200 | 1 | @a二氧化碳捕集技术及其在火力电厂的工程应用@9er yang hua tan bu ji ji shu ji qi zai huo li dian chang de gong cheng ying yong@f翟融融著 |
| 210 | @a北京@c化学工业出版社@d2019 | |
| 215 | @a179页@d24cm | |
| 330 | @a本书从基础和实用角度出发,全面、系统地介绍了二氧化碳捕集技术以及该技术在火力电厂的应用情况。全书内容分为八章,主要从参数影响、溶剂改进和流程创新等方面介绍基于MEA和NH3的二氧化碳捕集技术以及这两种捕集技术分别与燃煤机组和燃气蒸汽联合循环机组耦合的性能参数变化规律。 | |
| 606 | 0 | @a火电厂@x二氧化碳@x废物综合利用 |
| 690 | @aX701.7@v5 | |
| 701 | 0 | @a翟融融@9zhai rong rong@4著 |
| 801 | 0 | @aCN@b北京卓展@c20191020 |
| 905 | @b1211897-900@dX701.7@e304@f4 | |
| 二氧化碳捕集技术及其在火力电厂的工程应用/翟融融著.-北京:化学工业出版社,2019 |
| 179页;24cm |
| ISBN 978-7-122-34677-3:CNY68.00 |
| 本书从基础和实用角度出发,全面、系统地介绍了二氧化碳捕集技术以及该技术在火力电厂的应用情况。全书内容分为八章,主要从参数影响、溶剂改进和流程创新等方面介绍基于MEA和NH3的二氧化碳捕集技术以及这两种捕集技术分别与燃煤机组和燃气蒸汽联合循环机组耦合的性能参数变化规律。 |
| ● |
| 相关链接 |
|
|
|
|
正题名:二氧化碳捕集技术及其在火力电厂的工程应用
索取号:X701.7/304
 
预约/预借
| 序号 | 登录号 | 条形码 | 馆藏地/架位号 | 状态 | 备注 |
| 1 | 1211897 | 212118974 | 第二样本阅览室/ [索取号:X701.7/304] | 在馆 | |
| 2 | 1211898 | 212118983 | 第三借阅区/ [索取号:X701.7/304] | 在馆 | |
| 3 | 1211899 | 212118992 | 第三借阅区/ [索取号:X701.7/304] | 在馆 | |
| 4 | 1211900 | 212119009 | 第三借阅区/ [索取号:X701.7/304] | 在馆 |